Statistiken für Gewässer nach Städten

Klicken Sie hier um das Quiz zu spielen!

Allgemein

  • Dieses Quiz wurde 1.521 mal gespielt
  • Das Durchschnittsergebnis liegt bei 14 aus 22

Antwortstatistiken

StädteGewässer% Korrekt
Barcelona, Tel Aviv, TripolisMittelmeer
95%
Belgrad, Wien, BratislavaDonau
92%
Kairo, Juba, KhartumNil
91%
Riga, Stockholm, DanzigOstsee
90%
Odense, Oslo, EdinburghNordsee
87%
Hamburg, Hradec Králové, MagdeburgElbe
86%
St. Louis, New Orleans, MemphisMississippi
78%
Odessa, Varna, SewastopolSchwarzes Meer
77%
Assab, Port Sudan, DschiddaRotes Meer
75%
Caracas, Cancún, KingstonKaribik
74%
Bari, Dubrovnik, VeniedigAdria
72%
Santarém, Manaus, MacapáAmazonas
69%
Friedrichshafen, Rorschach, LindauBodensee
69%
Green Bay, Milwaukee, ChicagoLake Michigan
57%
Dammam, Doha, DubaiPersischer Golf
56%
Bamako, Niamey, LokojaNiger
53%
Jeju, Incheon, QingdaoGelbes Meer
50%
Hongkong, Da Nang, SanyaSüdchinesisches Meer
45%
Vientiane, Phnom PenhMekong
43%
Visakhapatnam, Chittagong, ChennaiGolf von Bengalen
32%
Quilmes, Montevideo, Buenos AiresRío de la Plata
30%
Accra, Lagos, DoualaGolf von Guinea
22%

Verteilung der Resultate

Perzentil nach korrekt beantworteten Fragen

Anzahl Personen mit jedem Resultat

Ihre Resultats-Entwicklung

Sie haben dieses Quiz noch nicht gespielt